000 01027nam a22002177a 4500
999 _c13516
_d13516
003 AR-CdUCM
008 190415b ||||| |||| 00| 0 spa d
040 _aMUNICIPALIDAD PROVINCIAL DEL CUSCO
_cBIBLIOTECA MUNICIPAL DEL CUSCO
082 _aTS / 340.4 /
_bV18
100 _aValdivia Colquehuanca, Felipe
_931968
245 _aEl colegio de abogados del Cusco como contralor, Fuente de iniciativas y defensor de los principios generales del derecho /
260 _aCusco :
_bUniversidad nacional de San Antonio Abad del Cusco,
_c1978.
300 _a89 hojas ;
_c28 cm.
500 _aAntes del titulo: Programa académico de derecho. Tesis presentada para optar al grado académico de bachiller en derecho.
505 _aContenido: Estudio jurídico social de los colegios y asociaciones -- El colegio de abogados del Cusco -- Rol Histórico del colegio de abogados del Cusco.
650 _aColegio de abogados
_931633
650 _aCusco
_9772
650 _aDerecho
_9739
942 _2ddc
_cTESIS
945 _acmm
_d2019-04-15